| 000 | 00831nam a22001815i 4500 | ||
|---|---|---|---|
| 001 | 168272 | ||
| 003 | ES-MaACL | ||
| 005 | 20230906213731.0 | ||
| 008 | 020227s1862 sp |||| | spa d | ||
| 040 |
_aCAM _bspa _cCAM |
||
| 100 | 0 |
_aZumel, Enrique. _9118492 |
|
| 245 | 1 | 4 |
_a¡Un regicida! _b: comedia en un acto y en verso / _coriginal de Enrique Zumel. |
| 260 |
_aMadrid : _b[s.n.], _c1862 ( _fImprenta de José Rodriguez) |
||
| 300 |
_a28 p. ; _c20 cm. |
||
| 500 | _aEn port.: Estrenada en el teatro de Novedades el 17 de mayo de 1862. | ||
| 596 | _aEn verso de la port. consta: "... Galeria dramática y lírica titulada El Teatro ..." | ||
| 852 |
_aES-MaACL _jF-8572(4) _z-- Enc. pasta española, falto de la enc. original _z-- Enc. en un vol. facticio formando parte de la col. facticia "Teatro español moderno", vol. 25 |
||
| 999 |
_c168272 _d168272 |
||